History Quiz

Random History Quiz

Politics is a 4-Letter Word Quiz Stats

 Plays Quiz Updated Nov 5, 2012

Also try: Kissing Babies
Challenge
Share
Tweet
Score 0/24 Timer 05:00
3 Plays Today
Political figure % Correct
George W. Bush
99.8%
Condoleezza Rice
92.1%
Al Gore
90.9%
Gerald Ford
81.4%
Paul Ryan
77.5%
William Howard Taft
74.2%
Bob Dole
64.7%
Ron Paul
63.2%
Herman Cain
58.2%
James K. Polk
58%
Janet Reno
51.2%
Howard Dean
45.6%
Political figure % Correct
Harry Reid
37%
Robert Byrd
22.6%
Jack Kemp
22.4%
Gary Hart
22.1%
Aaron Burr
19.3%
Peter King
17.7%
Trent Lott
17.1%
Chris Dodd
16.1%
Henry Clay
14.2%
Alexander Haig
14.1%
Evan Bayh
8.3%
Andrew Card
4.6%

You're not logged in!

Compare scores with friends on all Sporcle quizzes.
Join for Free
OR
Log In

You Might Also Like...

Show Comments

Extras

Top Quizzes Today


Score Distribution

Your Account Isn't Verified!

In order to create a playlist on Sporcle, you need to verify the email address you used during registration. Go to your Sporcle Settings to finish the process.

Report this User

Report this user for behavior that violates our Community Guidelines.

Details: